• 首页
  • 本馆介绍
  • 公告通知
  • 最新文献
  • 馆藏检索
  • 电子资源
  • 读者导购
  • 参考咨询
  • 我的图书馆
  • 登录
  • 详细信息显示
  • 放入我的书架
  • 预约/预借图书
  • 作者相关作品
  • 分类相关作品
  • 丛书相关作品
  • 出版社相关作品

书目信息

  • 表格格式
  • 工作单格式
  • 卡片格式
题名:
工程流体力学
    
 
作者: 陈卓如 主编
分册:  
出版信息: 北京   高等教育出版社  2013
页数: 521页
开本: 23cm
丛书名:
单 册:
中图分类: TB126
科图分类:
主题词: 工程力学--流体力学--高等学校--教材
电子资源:
ISBN: 978-7-04-038946-3
000 00965nam0 2200241 450
001 0103164751
005 20140717094145.0
010    @a978-7-04-038946-3@dCNY49.00
100    @a20140529d2013 em y0chiy0120 ea
101 0  @achi
102    @aCN@b110000
105    @aa zq 000yy
106    @ar
200 1  @a工程流体力学@9Gong Cheng Liu Ti Li Xue @f陈卓如主编@b专著
210    @a北京@c高等教育出版社@d2013
215    @a521页@c图,照片@d23cm
300    @a高等学校教材
330    @a本书共分15章,包括绪论、流体静力学、流体运动学、理想流体动力学基础、漩涡理论基础、粘性流体动力学、理想流体平面势流、流动相似原理基础、流体运动阻力与损失、管路的水力计算、粘性流体绕物体流动、可压缩流体的一维流动、可压缩流体的平面流动、流体要素测量、计算流体力学基础等,每章后均有较多例题和习题供选用。
606 0  @a工程力学@x流体力学@x高等学校@j教材
690    @aTB126@v5
701  0 @a陈卓如@4主编@9chen zhuo ru
801  0 @aCN@bZL@c20140227
905    @aBZT@dTB126@e5@f1@sTB126/5
    
    工程流体力学/陈卓如主编.-北京:高等教育出版社,2013
    521页:图,照片;23cm
    高等学校教材
    
    ISBN 978-7-04-038946-3:CNY49.00
    本书共分15章,包括绪论、流体静力学、流体运动学、理想流体动力学基础、漩涡理论基础、粘性流体动力学、理想流体平面势流、流动相似原理基础、流体运动阻力与损失、管路的水力计算、粘性流体绕物体流动、可压缩流体的一维流动、可压缩流体的平面流动、流体要素测量、计算流体力学基础等,每章后均有较多例题和习题供选用。
●
相关链接 在五车中查询图书 在当当中查询图书 在豆瓣中查询图书


正题名:工程流体力学     索取号:TB126/5         预约/预借

序号 登录号 条形码 馆藏地/架位号 状态 备注
1 2000009999   2000009999   旧书回溯/ [索取号:TB126/5] 在馆    
山东省滨州职业学院图书馆 欢迎您!
大连网信软件有限公司© 版权所有